00928nam a2200265Ia 450000500170000000800410001702000150005810000400007324500830011325000190019630000430021549000170025865000470027565000510032265000360037365000380040965000350044770000200048226400260050233600270052833700330055533800280058804000350061608400110065120220317001050.0160825s1994 sp a g 000 0 spa  a84355081451 aOlaizola Sarria, José Luisd1927-13aEl cazador urbanocJosé Luis Olaizola Sarria ; ilustraciones de Tino Gatagan a4a. edición  a156 páginas bilustraciones c19 cm  aLas campanas142LEMBaNovela juvenil española ySiglo XX142LEMBaLiteratura juvenil española ySiglo XX142LEMBaFamilia en la literatura 142LEMBaCazadores en la literatura 142LEMBaPadres en la literatura 1 aGatagán, Tino aMadridbSusaetac1994 atextobtxt2rdacontent asin mediaciónbn2rdamedia avolumenbnc2rdacarrier aCO-BoRNBPbspaerdacCO-BoRNBP aN OLA1